Quo vadis vysoké školstvo Slovenska?

Gespeichert in:
Bibliographische Detailangaben
1. Verfasser: Beličková, Kornélia, 1966-
Format: Buchkapitel
Sprache:Slowakisch
Tags: Tag hinzufügen
Keine Tags, Fügen Sie das erste Tag hinzu!

MARC

LEADER 00000nla a2200000 4500
001 0174260
005 20240502072954.4
041 0 |a slo 
044 |a SK 
245 1 0 |a Quo vadis vysoké školstvo Slovenska?  |c Kornélia Beličková 
100 1 |a Beličková, Kornélia, 1966-